=LDR 00000nam 2200000 4500 =001 000838 =005 20250712124033 =035 ##$$a 0010-0725000712 =007 ta =008 250712################a##########0#ind## =020 ##$$a 978-602-244-288-2 =082 ##$$a 398.209.598 =084 ##$$a 398.209.598 LIA k =100 #$$a lia loeferna =245 1#$$a kemiri untuk tutu /$c lia loeferna =250 ##$$a pertama =260 ##$$a jakarta :$b pusat perbukuan,$c 2019 =300 ##$$a 48hlm. : $b ilus. ; $c 17.5x25cm =990 ##$$a TBM202400810